Día siete : todos hasta atrás : primera ronda /

Obra en dos volúmenes, disponible en biblioteca el primero, que reúne los escritos de diversos lectores de la revista semanal denominada Día siete. El presente volumen recoge las primeras 150 piezas de prosa breve, de un total de 300.

Uloženo v:
Podrobná bibliografie
Další autoři: Zepeda Patterson, Jorge (prólogo) (prólogo), Páez Varela, Alejandro (prólogo) (prólogo)
Médium: Kniha
Jazyk:španělština
Vydáno: México : Cal y Arena, 2006, c2006
Témata:
Tagy: Přidat tag
Žádné tagy, Buďte první, kdo vytvoří štítek k tomuto záznamu!

MARC

LEADER 00000nam^a2200000^a^4500
001 000299281
005 20250521000000.0
009 20260526135326.844
037 |a Acervo ITESO - Biblioteca 
041 |a ESP 
082 |a 868.  |b DIA V. 1 
240 1 1 |a [Día siete] 
245 0 0 |a Día siete :  |b todos hasta atrás : primera ronda /  |c Pról. de J. Zepeda Patterson, A. Páez Varela. 
264 4 |a México :  |b Cal y Arena,  |c 2006, c2006 
300 |a 373 p. 
336 |a texto  |b txt  |2 rdacontenido 
337 |a sin mediación  |b n  |2 rdamedio 
338 |a volumen  |b nc  |2 rdasoporte 
520 |a Obra en dos volúmenes, disponible en biblioteca el primero, que reúne los escritos de diversos lectores de la revista semanal denominada Día siete. El presente volumen recoge las primeras 150 piezas de prosa breve, de un total de 300. 
649 |a XX 
650 |a Prosa Literaria Mexicana 
650 |a Literatura Mexicana -  |y Siglo XXI 
650 |a Publicaciones Periódicas Mexicanas 
700 |a Zepeda Patterson, Jorge  |e (prólogo) 
700 |a Páez Varela, Alejandro  |e (prólogo) 
910 |a Fondo General 
920 |a Impresos - Libros 
930 |a Colección General 
940 |a Literatura 
905 |a 101 
901 |a 0500185169  |b IT1  |c LIT  |i C120492  |u 20250521 
902 |a https://opac.biblio.iteso.mx/vufind/Record/000299281